[Event "HUN-chT2 Erkel 1718"]
[Site "Hungary"]
[Date "2018.03.04"]
[Round "9.4"]
[White "Barta, Zoltan"]
[Black "Gallai, Janos"]
[Result "0-1"]
[WhiteElo "1938"]
[BlackElo "2193"]
[PlyCount "86"]
[EventDate "2017.09.24"]
[EventType "team-tourn"]
[EventRounds "11"]
[EventCountry "HUN"]
[SourceTitle "EXT 2021"]
[Source "ChessBase"]
[SourceDate "2020.10.23"]
[SourceVersion "1"]
[SourceVersionDate "2020.10.23"]
[SourceQuality "1"]
[WhiteTeam "Andornaktalya"]
[BlackTeam "Salgotarjan"]
[WhiteTeamCountry "HUN"]
[BlackTeamCountry "HUN"]

1. e4 e6 2. d3 d5 3. Nd2 c5 4. Ngf3 Nc6 5. g3 Nf6 6. Bg2 Be7 7. 0-0 0-0 8. Re1 Qc7 9. c3 b6 10. Qc2 Bb7 11. e5 Nd7 12. d4 Rfc8 13. a3 a5 14. Nf1 Qd8 15. Qd1 Nf8 16. h4 b5 17. Be3 c4 18. Qd2 b4 19. Bg5 Qb6 20. Reb1 Bxg5 21. Nxg5 h6 22. Nf3 Ba6 23. Ne3 Rab8 24. Qe1 bxc3 25. bxc3 Qc7 26. Nd2 a4 27. Nc2 Na5 28. Rb4 Nb3 29. Ra2 Bb5 30. Bf1 Qc6 31. Ne3 Ra8 32. Bg2 Qa6 33. f4 Ra7 34. g4 Ng6 35. Qg3 Nc1 36. Nf3 Nxa2 37. Rb2 Nxc3 38. f5 Ne4 39. Qh2 c3 40. Rc2 Bd3 41. fxg6 Bxc2 42. Nxc2 Qe2 43. Nce1 Qf2+ 0-1

[Event "HUN-chT2 Erkel 1617"]
[Site "Hungary"]
[Date "2017.01.29"]
[Round "7.9"]
[White "Horvath, Csaba1111"]
[Black "Barta, Zoltan"]
[Result "1/2-1/2"]
[WhiteElo "1826"]
[BlackElo "1965"]
[PlyCount "82"]
[EventDate "2016.09.25"]
[EventType "team-tourn"]
[EventRounds "11"]
[EventCountry "HUN"]
[SourceTitle "EXT 2021"]
[Source "ChessBase"]
[SourceDate "2020.10.23"]
[SourceVersion "1"]
[SourceVersionDate "2020.10.23"]
[SourceQuality "1"]
[WhiteTeam "Sarkany DSE"]
[BlackTeam "Andornaktalya"]
[WhiteTeamCountry "HUN"]
[BlackTeamCountry "HUN"]

1. e4 c6 2. d4 d5 3. Nc3 g6 4. e5 Bg7 5. Nf3 Nh6 6. Bd3 Bf5 7. Bxf5 Nxf5 8. Ne2 e6 9. c3 Nh4 10. Nf4 Nxf3+ 11. Qxf3 Nd7 12. Nh3 h6 13. Qg4 c5 14. 0-0 0-0 15. Be3 cxd4 16. cxd4 Rc8 17. Rac1 Qb6 18. Qh4 Qd8 19. Qg4 Qe7 20. a3 Nb6 21. Bd2 Rfd8 22. Bb4 Qd7 23. b3 Rxc1 24. Rxc1 Rc8 25. Qd1 Rxc1 26. Qxc1 Qc6 27. Qxc6 bxc6 28. Bc5 Nc8 29. Nf4 Bf8 30. Nd3 Bxc5 31. dxc5 Kf8 32. Nb4 Ne7 33. f4 Ke8 34. Kf2 Kd7 35. Nd3 Nf5 36. b4 Kc7 37. Ne1 a5 38. Nf3 axb4 39. axb4 Kd7 40. g4 Ne7 41. Nd4 Kc7 1/2-1/2

[Event "HUN-chT2 Erkel 1617"]
[Site "Hungary"]
[Date "2016.09.25"]
[Round "1.9"]
[White "Barta, Zoltan"]
[Black "Weszelovszki, Gabor"]
[Result "1-0"]
[WhiteElo "1965"]
[BlackElo "1840"]
[PlyCount "59"]
[EventDate "2016.09.25"]
[EventType "team-tourn"]
[EventRounds "11"]
[EventCountry "HUN"]
[SourceTitle "EXT 2021"]
[Source "ChessBase"]
[SourceDate "2020.10.23"]
[SourceVersion "1"]
[SourceVersionDate "2020.10.23"]
[SourceQuality "1"]
[WhiteTeam "Andornaktalya"]
[BlackTeam "Gyongyos Matra"]
[WhiteTeamCountry "HUN"]
[BlackTeamCountry "HUN"]

1. c4 c5 2. Nc3 Nc6 3. g3 g6 4. Bg2 Bg7 5. d3 d6 6. e4 e5 7. Be3 Be6 8. Qd2 Nge7 9. Bh6 0-0 10. Nge2 Qd7 11. Bxg7 Kxg7 12. h3 f5 13. b3 Rf7 14. 0-0-0 fxe4 15. Nxe4 Nf5 16. Ng5 Rf6 17. Nxe6+ Rxe6 18. Bd5 Rf6 19. Nc3 Nfe7 20. Bg2 Raf8 21. Ne4 R6f7 22. h4 b6 23. h5 Rh8 24. hxg6 Nxg6 25. Qh6+ Kg8 26. Bh3 Qe7 27. Ng5 Rf6 28. Ne4 Rf3 29. Bg2 Rf7 30. Ng5 1-0

[Event "HUN-chT2 Erkel 1516"]
[Site "Hungary"]
[Date "2016.02.14"]
[Round "7.9"]
[White "Barta, Zoltan"]
[Black "Pallagi, Janos"]
[Result "0-1"]
[WhiteElo "1938"]
[BlackElo "2020"]
[PlyCount "92"]
[EventDate "2015.09.13"]
[EventType "team-tourn"]
[EventRounds "11"]
[EventCountry "HUN"]
[SourceTitle "EXT 2017"]
[Source "ChessBase"]
[SourceDate "2016.10.25"]
[SourceVersion "1"]
[SourceVersionDate "2016.10.25"]
[SourceQuality "1"]
[WhiteTeam "Andornaktalya"]
[BlackTeam "Foti"]
[WhiteTeamCountry "HUN"]
[BlackTeamCountry "HUN"]

1. Nf3 Nf6 2. d4 c5 3. e3 g6 4. Bd3 Bg7 5. 0-0 0-0 6. b3 d6 7. Bb2 Nc6 8. c4 Bg4 9. Nbd2 e5 10. d5 Ne7 11. h3 Bxf3 12. Qxf3 Ne8 13. e4 f5 14. exf5 gxf5 15. Qd1 Ng6 16. g3 Bh6 17. Kh2 Qe7 18. Re1 f4 19. Qe2 Ng7 20. Rad1 Nf5 21. Qh5 fxg3+ 22. fxg3 Qg5 23. Qxg5 Bxg5 24. Bxf5 Rxf5 25. Ne4 Be7 26. Rf1 Raf8 27. Kg2 Kg7 28. Bc1 Rxf1 29. Rxf1 Rxf1 30. Kxf1 Nh8 31. Kf2 Nf7 32. Kf3 Kg6 33. Kg4 h6 34. Be3 Nd8 35. h4 h5+ 36. Kf3 Nf7 37. Bd2 Kf5 38. a3 a6 39. b4 b6 40. bxc5 dxc5 41. Nc3 Nd6 42. Nd1 Nxc4 43. Bc1 e4+ 44. Ke2 Ke5 45. Nc3 Kd4 46. Bg5 Bd6 0-1

[Event "HUN-chT2 Erkel 1516"]
[Site "Hungary"]
[Date "2015.11.08"]
[Round "4.9"]
[White "Czumbel, Peter"]
[Black "Barta, Zoltan"]
[Result "0-1"]
[WhiteElo "1845"]
[BlackElo "1938"]
[PlyCount "28"]
[EventDate "2015.09.13"]
[EventType "team-tourn"]
[EventRounds "11"]
[EventCountry "HUN"]
[SourceTitle "CBM 170 Extra"]
[Source "ChessBase"]
[SourceDate "2016.02.25"]
[SourceVersion "1"]
[SourceVersionDate "2016.02.25"]
[SourceQuality "1"]
[WhiteTeam "Budapest MTK II"]
[BlackTeam "Andornaktalya"]
[WhiteTeamCountry "HUN"]
[BlackTeamCountry "HUN"]

1. Nf3 d5 2. g3 Nf6 3. Bg2 e6 4. 0-0 Nbd7 5. d3 Be7 6. Nbd2 b6 7. e4 dxe4 8. Nd4 Bb7 9. Nxe4 Nxe4 10. Bxe4 Bxe4 11. dxe4 Ne5 12. Bf4 Qxd4 13. Qxd4 Nf3+ 14. Kg2 Nxd4 0-1

[Event "HUN-chT2 Erkel 1415"]
[Site "Hungary"]
[Date "2014.10.12"]
[Round "1.8"]
[White "Csati, Oliver"]
[Black "Barta, Zoltan"]
[Result "1-0"]
[WhiteElo "2069"]
[BlackElo "1911"]
[PlyCount "77"]
[EventDate "2014.09.28"]
[EventType "team-tourn"]
[EventRounds "9"]
[EventCountry "HUN"]
[SourceTitle "EXT 2016"]
[Source "ChessBase"]
[SourceDate "2015.10.08"]
[SourceVersion "1"]
[SourceVersionDate "2015.10.08"]
[SourceQuality "1"]
[WhiteTeam "HASE"]
[BlackTeam "Andornaktalya"]
[WhiteTeamCountry "HUN"]
[BlackTeamCountry "HUN"]

1. c4 e5 2. Nc3 Nc6 3. g3 g6 4. Bg2 Bg7 5. d3 f5 6. h4 Nf6 7. Bg5 h6 8. Bxf6 Bxf6 9. Qd2 Ne7 10. e4 c6 11. 0-0-0 d6 12. Nge2 Be6 13. f4 Qa5 14. Kb1 0-0-0 15. Rhf1 exf4 16. exf5 Nxf5 17. Nxf4 Bf7 18. Ne4 Qxd2 19. Rxd2 Be5 20. Bh3 Kc7 21. Nxg6 Bxg6 22. Bxf5 Bxf5 23. Rxf5 Rhg8 24. Rf7+ Kb6 25. d4 Bxg3 26. c5+ dxc5 27. dxc5+ Ka6 28. Rxd8 Rxd8 29. Nxg3 Rd4 30. h5 Rg4 31. Rf3 Kb5 32. Rc3 b6 33. Nf5 bxc5 34. Rh3 Rg1+ 35. Kc2 Rg2+ 36. Kc3 Rg4 37. b3 a5 38. a4+ Kb6 39. Nxh6 1-0

[Event "HUN-chT2 Erkel 1213"]
[Site "Hungary"]
[Date "2013.03.03"]
[Round "8.6"]
[White "Hevesi, Zoltan"]
[Black "Barta, Zoltan"]
[Result "1-0"]
[WhiteElo "2055"]
[BlackElo "1905"]
[PlyCount "139"]
[EventDate "2012.09.16"]
[EventType "team-tourn"]
[EventRounds "11"]
[EventCountry "HUN"]
[SourceTitle "EXT 2014"]
[Source "ChessBase"]
[SourceDate "2013.11.20"]
[SourceVersion "1"]
[SourceVersionDate "2013.11.20"]
[SourceQuality "1"]
[WhiteTeam "Mezokovesd"]
[BlackTeam "Andornaktalya"]
[WhiteTeamCountry "HUN"]
[BlackTeamCountry "HUN"]

1. d4 d5 2. Nf3 Nf6 3. c4 c6 4. Nc3 e6 5. e3 Bd6 6. Bd3 Nbd7 7. 0-0 0-0 8. e4 dxe4 9. Nxe4 Nxe4 10. Bxe4 h6 11. Bd2 Nf6 12. Bc2 c5 13. Bc3 cxd4 14. Qxd4 Qc7 15. Qd3 Rd8 16. Qe2 Be7 17. Rad1 Bd7 18. Ne5 Bc6 19. b4 b6 20. Nxc6 Qxc6 21. Bxf6 Bxf6 22. Be4 Qa4 23. Bxa8 Rxa8 24. Qf3 Rc8 25. Qb3 Qc6 26. Rc1 Bd4 27. Rc2 e5 28. Rd1 Qe4 29. Qd3 Qg4 30. Qf3 Qe6 31. Rdc1 Qe7 32. a3 Rc7 33. Qa8+ Kh7 34. Qe4+ g6 35. Re1 Qd6 36. g3 Qe6 37. Rec1 Qe7 38. Kg2 Kg7 39. Rd1 Qd6 40. f4 f6 41. fxe5 fxe5 42. Rf1 Qe6 43. Qf3 Qe7 44. Re1 Qe6 45. Qd3 Qc6+ 46. Qe4 Qd6 47. Rd1 Qe7 48. Rcd2 Qf7 49. c5 bxc5 50. bxc5 Kh7 51. c6 Qf6 52. Rc2 h5 53. Rb1 Bb6 54. Rf1 Qd6 55. Re1 Bd4 56. Qf3 Kg7 57. Rf1 Qe7 58. Qd5 Kh6 59. a4 Kg7 60. a5 h4 61. Rb1 Kh6 62. Qe4 hxg3 63. hxg3 Qa3 64. Qd5 Qd3 65. Rh1+ Kg7 66. Rf2 e4 67. Qd8 Bxf2 68. Qxc7+ Kg8 69. Qc8+ Kg7 70. Qd7+ 1-0

[Event "HUN-chT2 Maroczy 0809"]
[Site "Hungary"]
[Date "2008.12.21"]
[Round "4"]
[White "Barta, Zoltan"]
[Black "Pap, Peter"]
[Result "0-1"]
[WhiteElo "2090"]
[BlackElo "2098"]
[PlyCount "146"]
[EventDate "2008.10.26"]
[EventType "team-tourn"]
[EventRounds "11"]
[EventCountry "HUN"]
[SourceTitle "EXT 2010"]
[Source "ChessBase"]
[SourceDate "2010.11.25"]
[SourceVersion "1"]
[SourceVersionDate "2010.11.25"]
[SourceQuality "1"]
[WhiteTeam "Fuzesabony"]
[BlackTeam "Maroczy"]
[WhiteTeamCountry "HUN"]
[BlackTeamCountry "HUN"]

1. d4 d5 2. Nf3 Nf6 3. Bg5 Ne4 4. Bf4 c5 5. e3 Qb6 6. b3 Nc6 7. c3 Bg4 8. Be2 e6 9. 0-0 Be7 10. Nfd2 Bxe2 11. Qxe2 Nf6 12. Nf3 Nh5 13. Be5 Nxe5 14. Nxe5 Nf6 15. Nd2 0-0 16. f4 Rac8 17. Rac1 Qa5 18. Qd3 Rfd8 19. Kh1 cxd4 20. exd4 Qxa2 21. Ra1 Qb2 22. Rfc1 Ne4 23. Nxe4 dxe4 24. Qxe4 Rxc3 25. Rcb1 Qc2 26. Qxb7 Rc7 27. Qb5 Qe4 28. Rf1 Qxd4 29. h3 Qd5 30. Qa4 Rc3 31. Kh2 Rc2 32. Rg1 Rf8 33. b4 Qe4 34. b5 Qxa4 35. Rxa4 Bc5 36. Rd1 Bb6 37. Rd7 Rb2 38. Nc6 Rxb5 39. Nxa7 Rb1 40. Ra3 Ra8 41. Nb5 Bg1+ 42. Kg3 Rxa3+ 43. Nxa3 Rb3+ 44. Kg4 g6 45. Nc4 Bf2 46. Kg5 Kg7 47. f5 h6+ 48. Kf4 exf5 49. Ke5 Rb1 50. Kf4 Rb4 51. Kf3 Rxc4 52. Kxf2 Rc3 53. Ra7 g5 54. Ra6 f4 55. Rb6 Re3 56. Rc6 Re6 57. Rc7 Kg6 58. Ra7 h5 59. Ra8 g4 60. hxg4 hxg4 61. Ra5 Rb6 62. Ra2 Rb5 63. Rc2 Kg5 64. Ra2 f5 65. Rc2 Rb1 66. Ra2 g3+ 67. Ke2 Rg1 68. Kd3 f3 69. gxf3 g2 70. Rd2 Kf4 71. Kd4 Kxf3 72. Rd3+ Kg4 73. Rd2 f4 0-1

[Event "HUN-chT2 Maroczy 0809"]
[Site "Hungary"]
[Date "2008.10.26"]
[Round "1"]
[White "Barta, Zoltan"]
[Black "Bemak, Mikhail"]
[Result "1/2-1/2"]
[WhiteElo "2090"]
[BlackElo "2121"]
[PlyCount "89"]
[EventDate "2008.10.26"]
[EventType "team-tourn"]
[EventRounds "11"]
[EventCountry "HUN"]
[SourceTitle "EXT 2010"]
[Source "ChessBase"]
[SourceDate "2010.11.25"]
[SourceVersion "1"]
[SourceVersionDate "2010.11.25"]
[SourceQuality "1"]
[WhiteTeam "Fuzesabony"]
[BlackTeam "Munkacs"]
[WhiteTeamCountry "HUN"]
[BlackTeamCountry "HUN"]

1. d4 Nf6 2. Nf3 e6 3. g3 c5 4. e3 Nc6 5. Bg2 d5 6. 0-0 cxd4 7. exd4 Be7 8. c3 0-0 9. Bf4 b5 10. a3 a5 11. Nbd2 Ba6 12. Re1 b4 13. cxb4 axb4 14. a4 Qb6 15. Be3 Rac8 16. Bf1 Na5 17. Nb3 Nxb3 18. Qxb3 Bc4 19. Qd1 b3 20. Bxc4 Rxc4 21. Qd3 Rb8 22. Rec1 Qa6 23. Kg2 Rc6 24. Qxa6 Rxa6 25. Ne5 Bd6 26. Nd3 Nd7 27. f4 Raa8 28. Rc3 g6 29. Kf3 Bf8 30. Ne5 Nxe5+ 31. dxe5 Rb4 32. Bc5 Bxc5 33. Rxc5 Rbxa4 34. Rxa4 Rxa4 35. Rb5 Rc4 36. Rb8+ Kg7 37. Rxb3 Rc2 38. h4 h5 39. Rb8 Rd2 40. Rb3 Rc2 41. Ke3 Rg2 42. Kd4 Rc2 43. Ke3 Rg2 44. Kd4 Rc2 45. Ke3 1/2-1/2

[Event "HUN-chT2 Maroczy 0607"]
[Site "Hungary"]
[Date "2007.05.20"]
[Round "11"]
[White "Toth, Daniel"]
[Black "Barta, Zoltan"]
[Result "0-1"]
[WhiteElo "2117"]
[BlackElo "2083"]
[PlyCount "70"]
[EventDate "2006.11.12"]
[EventType "team"]
[EventRounds "11"]
[EventCountry "HUN"]
[SourceTitle "EXT 2008"]
[Source "ChessBase"]
[SourceDate "2007.11.25"]
[SourceVersion "1"]
[SourceVersionDate "2007.11.25"]
[SourceQuality "1"]
[WhiteTeam "Sarospatak"]
[BlackTeam "Fuzesabony"]
[WhiteTeamCountry "HUN"]
[BlackTeamCountry "HUN"]

1. d4 d5 2. Nf3 Nf6 3. c4 e6 4. Nc3 Nbd7 5. a3 a6 6. Bg5 Be7 7. e3 dxc4 8. Bxc4 b5 9. Bd3 c5 10. 0-0 Bb7 11. Qe2 0-0 12. Rfd1 Qb6 13. Bc2 Rfe8 14. Rd2 cxd4 15. Rxd4 Rac8 16. Rad1 Qc6 17. e4 Qc7 18. Bh4 Ne5 19. Nxe5 Qxe5 20. Bg3 Qc5 21. Bb1 Red8 22. Rxd8+ Rxd8 23. Rxd8+ Bxd8 24. Qd3 Bb6 25. e5 Qc6 26. Qf1 Nd5 27. Ne4 Bd4 28. b3 Nc3 29. Nd6 Ba8 30. Bd3 Qd5 31. Nc8 Qxb3 32. h4 Qxa3 33. Bxh7+ Kxh7 34. Qd3+ Be4 35. Qxd4 Ne2+ 0-1